| 000 | 01019 a2200193 4500 | ||
|---|---|---|---|
| 001 | 54684 | ||
| 005 | 20260407155821.0 | ||
| 008 | 260407a1973 arg spa d | ||
| 003 | AR-UNSa-BCEJYS | ||
| 040 |
_aAR-UNSa-BCEJYS _bspa _cAR-UNSa-BCEJYS |
||
| 080 |
_a32(09) _xHistoria de la política |
||
| 245 | 1 | 0 |
_aEl mito político _pnaturaleza y función |
| 264 | 1 |
_aBuenos Aires : _bEdiciones Macchi _c1973 |
|
| 300 |
_a70 p. _c22,5 cm. |
||
| 505 | _aI. La realidad política: "Un universo de representaciones,de creencias y de apariencias" - II. La teoría de los mitos de Georges Sorel - III. La palabra mito: diferentes significados y relación entre ellos.El mito en el hombre arcaico y en el hombre moderno - IV. El mito político: naturaleza y función - V. Los mitos políticos contemporáneos: la clase,la nación,la raza - VI. Valoración de los mitos políticos contemporáneos - VII. De cara al mito: ¿Qué hacer? | ||
| 942 | _cBK | ||
| 590 | _aniveau_biblio:m niveau_hierar:0 | ||
| 100 | 1 | _aLópez, Mario Justo | |
| 999 |
_c5710 _d5710 |
||